000 00392nam a2200133Ia 4500
008 220217s9999||||xx |||||||||||||| ||und||
020 _a0-13-280843-9
082 _a005.73 ANT
100 _aAntonakos, James, L Mansfield, Kenneth, C
_93102
245 0 _aPractical data structures using C/C++
260 _aPrentice hall
_bNew Jersey
_c1999
300 _b850
650 _aDATA STRUCTURES
999 _c170830
_d170830